|
|
|
|
| LEADER |
00000cam a2200000 7i4500 |
| 001 |
0000006707 |
| 005 |
20060820093000.0 |
| 008 |
021119s2004 |
| 020 |
|
|
|a 0470821272
|
| 090 |
0 |
0 |
|a HG226
|b .C57 2004
|
| 100 |
0 |
|
|a Choudhry, Moorad ,
|e author
|
| 245 |
1 |
4 |
|a The global repo markets :
|b instruments & applications
|c Moorad Choudhry
|
| 260 |
2 |
|
|a Singapore :
|b John Wiley & Sons Asia ,
|c c2004
|
| 300 |
|
|
|a xii, 503 p. :
|b ill. ;
|c 24 cm.
|
| 504 |
|
|
|a Includes bibliographical references and indexes
|
| 650 |
|
0 |
|a International finance
|
| 650 |
|
0 |
|a Money market
|
| 650 |
|
0 |
|a Repurchase agreements
|
| 999 |
|
|
|a 1000105620
|b Book
|c OPEN SHELF (30 DAYS)
|e Gong Badak Campus
|